| 000 | 01134nac a22003257a 4500 | ||
|---|---|---|---|
| 001 | BR8005319 | ||
| 003 | BR-BrBNA | ||
| 005 | 20240105114758.0 | ||
| 008 | 230509b bl.|||m| |||| 00| 0 por d | ||
| 040 |
_aBR-BrBNA _bpor _cBiblioteca Nacional de Agricultura |
||
| 072 | _aF25 | ||
| 090 | _a1580 BR8005319 | ||
| 100 | 1 | _aCesar, J. | |
| 100 | 1 | _aGuedes, A.L.C. | |
| 110 | 1 |
_aUnidade de Execucao de Pesquisa de Ambito Estadual de Manaus, AM (Brasil) _910369 |
|
| 245 | 1 | _aAnalise da resposta de tres cultivares de batata-doce a diferentes tipos de adubacao, em termos de rentabilidade e risco, em Manaus [Amazonas, Brasil] | |
| 260 | 3 |
_aManaus, AM (Brasil): _c1980. |
|
| 300 | _a3 p. | ||
| 490 |
_aComunicado Tecnico - Unidade de Execucao de Pesquisa de Ambito Estadual de Manaus (Brazil) _vno. 12 _x |
||
| 650 | _aBATATA DOCE | ||
| 650 | _aADUBACAO | ||
| 650 | _aADUBO ORGANICO | ||
| 650 | _aFERTILIZANTE POTASSICO | ||
| 650 | _aFERTILIZANTE NITROGENADO | ||
| 650 | _aFERTILIZANTE FOSFATADO | ||
| 650 | _aMANAUS | ||
| 650 | _aAMAZONAS | ||
| 909 |
_a202312 _bLúcia Elande _c55 _dLúcia Elande |
||
| 942 |
_2AGRIS _n0 _cMS |
||
| 999 |
_c271245 _d271245 |
||